01819nam a22002177a 4500003000400000005001700004008004100021020001800062040001000080245006100090260003700151300001100188490002800199505037300227520076300600650007701363700004001440700003901480700004501519700003701564OSt20250228110751.0231010s2015 ag ||||| |||| 00| 1 spa d a9789507533846 cbesoc1 aCuatro cuentos policiales /cEdgar Alan Poe ... [et al.] aBuenos Aires :bCántaro,c2015 a107 p. aColección del Mirador0 aPuertas de acceso -- Los orígenes : el cuento policial clásico -- La evolución hacia el género negro -- Otras tendencias -- La variante latinoamericana -- La obra: La carta robada / Edgar Allan Poe -- El tren desaparecido / Arthur Conan Doyle -- Frente de tormenta / Vicente Battista -- El centro de la telaraña / Christian X. Ferdinandus -- Bibliografía.- aEl enigma, la investigación, el desafío que implica el misterio por resolver. Todos estos elementos parecen hacer del policial algo más que un genero narrativo. Lo convierten casi en un juego de ingenio, en el que el lector se convierte en un participante activo del camino hacia la respuesta. A través del tiempo, el policial clásico ha ido incorporando elementos emergentes de las sociedades en que sus autores escribieron: la violencia, el cinismo, una mirada escéptica de la vida, y hasta el desarrollo de la tecnología. Con estos cuatro ejemplos, esta antología se propone un simple recorrido por los pasadizos de uno de los géneros considerados masivos, por su popularidad y aceptación por parte de los lectores. [Nota del editor]  4aLiteraturavCuentos policialesySiglo XIXySiglo XXxColección juvenil1 aPoe, Edgar Aland(1809-1849)eautor1 aBattista, Vicente,d(1940-)eautor1 aDoyle, Arthur Conan,d(1859-1930)eautor1 aFerdinandus, Christian X.eautor